[Event "9th EUROPEAN  INDIVIDUAL  WOME"]
[Site "Plovdiv, Bulgaria"]
[Date "2008.05.02"]
[Round "11"]
[Board "1"]
[White "Mammadova, Gulnar"]
[Black "Padurariu, Ioana Smaranda"]
[Result "1-0"]
[WhiteElo "2188"]
[BlackElo "2242"]
[PlyCount "57"]
[EventDate "2008.04.21"]
[EventRounds "11"]
[EventCountry "BUL"]

1.e4 c5 2.Nc3 d6 3.g3 Nc6 4.Bg2 g6 5.d3 Bg7 6.f4 e6 7.Nf3 Nge7 8.O-O Nd4 9.Be3
O-O 10.e5 Nef5 11.Bf2 Nxf3+ 12.Qxf3 Nd4 13.Qd1 dxe5 14.fxe5 Bxe5 15.Ne4 Bd7
16.c3 Nf5 17.Bxc5 Re8 18.Qf3 b6 19.Ba3 Kh8 20.d4 Bc7 21.g4 Qh4 22.h3 Bc6 23.Qf2
Qxf2+ 24.Rxf2 Ne3 {Diagram #} 25.Rxf7 Bxe4 26.Bxe4 Rac8 27.Bb7 Kg8 28.Rd7 Red8
29.Bxc8

[Event "9th EUROPEAN  INDIVIDUAL  WOME"]
[Site "Plovdiv, Bulgaria"]
[Date "2008.05.02"]
[Round "11"]
[Board "1"]
[White "Skinke, Katrina"]
[Black "De Rosa, Maria"]
[Result "1-0"]
[WhiteElo "2204"]
[BlackElo "2094"]
[PlyCount "82"]
[EventDate "2008.04.21"]
[EventRounds "11"]
[EventCountry "BUL"]

1.e4 c5 2.Nf3 d6 3.d4 cxd4 4.Nxd4 Nf6 5.Nc3 a6 6.Be3 e6 7.f3 b5 8.g4 Bb7 9.Qd2
h6 10.O-O-O Nbd7 11.Bd3 b4 12.Nce2 d5 13.Ng3 e5 14.Nde2 d4 15.Bf2 Nc5 16.Kb1 a5
17.h4 Nfd7 18.f4 f6 19.g5 Ba6 20.gxf6 gxf6 21.fxe5 fxe5 22.Nc1 a4 23.Qe2 Qa5
24.Be1 Qb6 25.Bxa6 Rxa6 26.b3 Nf6 27.Rf1 Qb7 28.Rf5 Re6 29.Nd3 Ncxe4 30.Rxe5
Rxe5 31.Nxe5 Qd5 32.Nf3 Be7 33.Rxd4 Nxg3 34.Bxg3 Qc6 35.Rc4 Qb6 36.Rc8+ Kf7
37.Rxh8 Nd5 38.Be1 Qf6 39.Rc8 a3 40.Ne5+ Kg7 41.Qg4+ Kh7

[Event "9th EUROPEAN  INDIVIDUAL  WOME"]
[Site "Plovdiv, Bulgaria"]
[Date "2008.05.02"]
[Round "11"]
[Board "1"]
[White "Vladimirova, Maria"]
[Black "Lematschko, Tatjana"]
[Result "1/2-1/2"]
[WhiteElo "1976"]
[BlackElo "2189"]
[PlyCount "150"]
[EventDate "2008.04.21"]
[EventRounds "11"]
[EventCountry "BUL"]

1.e4 g6 2.d4 Bg7 3.Nf3 c6 4.a4 d5 5.e5 Nh6 6.h3 f6 7.Bd3 O-O 8.O-O Nf7 9.Re1 f5
10.c4 e6 11.Nc3 Na6 12.cxd5 cxd5 13.Bxa6 bxa6 14.a5 Bd7 15.Qd3 Qc8 16.b3 Qb7
17.Ba3 Rfb8 18.Reb1 Bf8 19.Bxf8 Kxf8 20.Na4 Bb5 21.Qd2 Qe7 22.Nc5 Kg7 23.Rc1 h6
24.h4 Re8 25.Rc3 Rac8 26.Rac1 Kh7 27.g3 Rg8 28.Kg2 Rce8 29.Nd3 Rd8 30.Nc5 g5
31.h5 Rc8 32.Qc2 Kh8 33.Ne1 g4 34.Ned3 Ng5 35.Nf4 Kh7 {Diagram #} 36.Ncxe6 Rxc3
37.Qxf5+ Kh8 38.Rxc3 Bd7 39.Ng6+ Rxg6 40.hxg6 Nxe6 41.Qf6+ Qg7 42.Rc1 Kg8 43.b4
Qf8 44.Rd1 Qxf6 45.exf6 Nf8 46.g7 Nh7 47.Re1 Nxf6 48.Re7 Bb5 49.f3 h5 50.fxg4
hxg4 51.Kf2 Bc4 52.Ke3 Nh5 53.Rxa7 Nxg3 54.Kf4 Nh5+ 55.Kxg4 Nxg7 56.Kf4 Ne6+
57.Ke5 Ng5 58.Kd6 Ne4+ 59.Kc6 Nc3 60.Kb6 Na2 61.Kc5 Kf8 62.Rb7 Nc3 63.Kb6 Ke8
64.Ra7 Na2 65.Rxa6 Nxb4 66.Ra7 Kd8 67.Kc5 Na6+ 68.Kd6 Kc8 69.Rxa6 Bxa6 70.Kxd5
Kc7 71.Kc5 Bb7 72.d5 Ba6 73.d6+ Kd7 74.Kd5 Bf1 75.Kc5 Be2

[Event "9th EUROPEAN  INDIVIDUAL  WOME"]
[Site "Plovdiv, Bulgaria"]
[Date "2008.05.02"]
[Round "11"]
[Board "1"]
[White "Nikolaidou, Eleni"]
[Black "Zhorzholiani, Meri"]
[Result "1/2-1/2"]
[WhiteElo "1817"]
[BlackElo "2133"]
[PlyCount "32"]
[EventDate "2008.04.21"]
[EventRounds "11"]
[EventCountry "BUL"]

1.e4 c5 2.c3 Nf6 3.e5 Nd5 4.Nf3 e6 5.Bc4 d6 6.O-O Nc6 7.exd6 Bxd6 8.d4 O-O 9.Bg5
f6 10.Bh4 Nb6 11.Bb3 c4 12.Bc2 Qc7 13.Na3 Bxa3 14.bxa3 Nd5 15.Bg3 Qe7 16.Qc1 Kh8

[Event "9th EUROPEAN  INDIVIDUAL  WOME"]
[Site "Plovdiv, Bulgaria"]
[Date "2008.05.02"]
[Round "11"]
[Board "1"]
[White "Bayrak, Asli"]
[Black "Stefanova, Milena"]
[Result "0-1"]
[WhiteElo "2031"]
[BlackElo "2029"]
[PlyCount "114"]
[EventDate "2008.04.21"]
[EventRounds "11"]
[EventCountry "BUL"]

1.e4 d5 2.exd5 Nf6 3.d4 Nxd5 4.Nf3 Bg4 5.Be2 e6 6.c3 Be7 7.O-O O-O 8.Re1 c5 9.h3
Bf5 10.Nbd2 Nc6 11.Nc4 cxd4 12.Nxd4 Nxd4 13.Qxd4 Rc8 14.Bf1 Bc5 15.Qd1 Qh4
16.Ne3 Rfd8 17.Qf3 Bg6 18.a3 Bh5 19.g4 Bg6 20.Ng2 Qf6 21.Qxf6 Nxf6 22.b4 Bb6
23.c4 Bd4 24.Ra2 Bc3 25.Re3 Bd4 26.Rb3 Ne4 27.Be3 Bxe3 28.Nxe3 Nd2 29.Rc3 h5
30.Bg2 b6 31.Rc1 hxg4 32.hxg4 Rd4 33.Rd1 Rcd8 34.c5 bxc5 35.bxc5 Nc4 36.Rxd4
Rxd4 37.c6 Nb6 38.Rb2 Bd3 39.Rb4 Rxb4 40.axb4 Kf8 41.g5 Ke7 42.f4 Kd6 43.Ng4 Bb5
44.Ne5 f6 45.Nf7+ Ke7 46.g6 Bd3 47.Nh8 Nd5 48.Bxd5 exd5 49.Kf2 d4 50.Ke1 Bb5
51.Kd2 Kd6 52.Nf7+ Kxc6 53.Nd8+ Kd5 54.Kc2 Bd7 55.Nb7 Bf5+ 56.Kd2 Bxg6 57.Nc5 a5

[Event "9th EUROPEAN  INDIVIDUAL  WOME"]
[Site "Plovdiv, Bulgaria"]
[Date "2008.05.02"]
[Round "11"]
[Board "1"]
[White "Bakalarz, Grazyna"]
[Black "Mijovic, Aleksandra"]
[Result "1/2-1/2"]
[WhiteElo "2006"]
[BlackElo "2222"]
[PlyCount "119"]
[EventDate "2008.04.21"]
[EventRounds "11"]
[EventCountry "BUL"]

1.d4 d5 2.Bf4 Nf6 3.e3 Bf5 4.c4 e6 5.Nc3 c6 6.Qb3 Qb6 7.c5 Qxb3 8.axb3 Nbd7 9.b4
e5 10.dxe5 Ng4 11.Nf3 g5 12.Bxg5 Bg7 13.Nd4 Bg6 14.e6 fxe6 15.Nxe6 Be5 16.h3
Ngf6 17.Nd4 O-O 18.Bxf6 Bxf6 19.Be2 a5 20.bxa5 Nxc5 21.O-O Bxd4 22.exd4 Nb3
23.Ra4 Rxa5 24.Rb4 Bc2 25.Bd1 Na1 26.Rxb7 Rf4 27.Re1 Bxd1 28.Rxd1 Nc2 29.Ne2 Re4
30.Kf1 Ra4 31.Rb6 Re6 32.b3 Ra2 33.Nc3 Rb2 34.Na4 Ra2 35.Nc3 Rb2 36.Nxd5 Nxd4
37.Ne3 Rxb3 38.Rxb3 Nxb3 39.Ke2 Na5 40.Rd8+ Kf7 41.Kd3 Nb3 42.Kc3 Nc5 43.Kd4 Ne4
44.Rd7+ Kg6 45.f4 Ng3 46.Ng4 Ne2+ 47.Kc5 Nxf4 48.Rd6 Rxd6 49.Kxd6 Nxg2 50.Kxc6
Nf4 51.h4 Ng2 52.h5+ Kg5 53.Nf2 Kxh5 54.Kd5 Ne3+ 55.Ke4 Ng4 56.Nh3 Kh4 57.Nf4
Kg3 58.Nh5+ Kh4 59.Nf4 Kg3 60.Nh5+

[Event "9th EUROPEAN  INDIVIDUAL  WOME"]
[Site "Plovdiv, Bulgaria"]
[Date "2008.05.02"]
[Round "11"]
[Board "1"]
[White "Foisor, Mihaela Veronica"]
[Black "Coimbra, Margarida"]
[Result "1/2-1/2"]
[WhiteElo "2088"]
[BlackElo "2120"]
[PlyCount "79"]
[EventDate "2008.04.21"]
[EventRounds "11"]
[EventCountry "BUL"]

1.d4 d5 2.Bf4 Nf6 3.e3 c6 4.c4 e6 5.Nc3 Bd6 6.Bg3 Bxg3 7.hxg3 Nbd7 8.Nf3 Qe7
9.Bd3 dxc4 10.Bxc4 e5 11.Qc2 exd4 12.Nxd4 Nb6 13.Bd3 g6 14.Ne4 Nxe4 15.Bxe4 Qb4+
16.Qd2 Qxd2+ 17.Kxd2 Bd7 18.Rh6 f5 19.Bf3 Kf7 20.Nb3 Rad8 21.Nc5 Bc8+ 22.Kc2 Nd7
23.b4 Nf6 24.Rhh1 Rd6 25.Rhd1 Rhd8 26.Rxd6 Rxd6 27.a4 Ke7 28.b5 b6 29.Nd3 c5
30.Ne5 a5 31.Nc4 Re6 32.Rd1 Bd7 33.Kc3 Kd8 34.Bc6 Kc7 35.Bxd7 Nxd7 36.f3 Nf6
37.Rh1 Re7 38.Rd1 Re6 39.Rh1 Re7 40.Rd1

[Event "9th EUROPEAN  INDIVIDUAL  WOME"]
[Site "Plovdiv, Bulgaria"]
[Date "2008.05.02"]
[Round "11"]
[Board "1"]
[White "Khropova, Larisa"]
[Black "Boyarchenko, Marie"]
[Result "1-0"]
[WhiteElo "2069"]
[BlackElo "1877"]
[PlyCount "177"]
[EventDate "2008.04.21"]
[EventRounds "11"]
[EventCountry "BUL"]

1.d4 f5 2.c4 Nf6 3.Nc3 d6 4.g3 g6 5.Bg2 Bg7 6.Nf3 Nbd7 7.Ng5 Nb6 8.b3 h6 9.Nf3
c6 10.Bb2 O-O 11.Qd3 Qe8 12.O-O g5 13.Rae1 e5 14.e4 f4 15.dxe5 dxe5 16.h3 g4
17.hxg4 Nxg4 18.c5 Nd7 19.b4 Ndf6 20.Ne2 Nh5 21.Rd1 a5 22.a3 Be6 23.Rd2 Qe7
24.Qc2 axb4 25.axb4 Rad8 26.Qc3 Rxd2 27.Nxd2 fxg3 28.fxg3 Rxf1+ 29.Nxf1 Qd7
30.Qf3 Nhf6 31.Nc1 Bc4 32.Qc3 Bb5 33.Nd2 h5 34.Bf1 Bxf1 35.Kxf1 Ne8 36.Qd3 Qf7+
37.Nf3 Nh2+ 38.Kg2 Nxf3 39.Qxf3 Qc4 40.Qb3 Qxb3 41.Nxb3 Nc7 42.Na5 Kf7 43.Nxb7
Ke6 44.Na5 Kd7 45.Nc4 Ke6 46.Kf3 Bf6 47.Ke2 Na6 48.Bc3 Nb8 49.Kd3 Nd7 50.Kc2 h4
51.gxh4 Bxh4 52.Na5 Nb8 53.Kb3 Bd8 54.Ka4 Bxa5 55.Kxa5 Nd7 56.Ka6 Nf6 57.Kb7
Nxe4 58.Bxe5 Kd5 59.Bd4 Ng5 60.Kb6 Ne6 61.Be3 Nf8 62.Bg5 Ne6 63.Be3 Nd8 64.Kc7
Ne6+ 65.Kd7 Nf8+ 66.Ke8 Ng6 67.Kd7 Nf8+ 68.Kc7 Ne6+ 69.Kc8 Nf8 70.Bg5 Ne6 71.Be7
Nd4 72.Kd7 Nb5 73.Bf6 Na3 74.Bc3 Nb5 75.Bb2 Na7 76.Kc7 Kc4 77.Kb6 Nc8+ 78.Kxc6
Kxb4 79.Bd4 Na7+ 80.Kb7 Nb5 81.Be3 Kc4 82.c6 Nd6+ 83.Kb8 Nb5 84.Bf4 Kc5 85.Kb7
Kd5 86.Kb6 Kc4 87.Be5 Kb4 88.Bd4 Nd6 89.Bc5+

[Event "9th EUROPEAN  INDIVIDUAL  WOME"]
[Site "Plovdiv, Bulgaria"]
[Date "2008.05.02"]
[Round "11"]
[Board "1"]
[White "Mihajlova, Diana"]
[Black "Galunova, Tsveta"]
[Result "0-1"]
[WhiteElo "1623"]
[BlackElo "1816"]
[PlyCount "100"]
[EventDate "2008.04.21"]
[EventRounds "11"]
[EventCountry "BUL"]

1.e4 e5 2.Nf3 Nc6 3.Bc4 Bc5 4.c3 Nf6 5.d4 exd4 6.cxd4 Bb4+ 7.Nc3 Nxe4 8.Qb3 Qe7
9.O-O Na5 10.Bxf7+ Kf8 11.Qc2 Bxc3 12.bxc3 Kxf7 13.Ne5+ Kf8 14.Qxe4 Nc6 15.Qf3+
Qf6 16.Bf4 Nxe5 17.dxe5 Qf5 18.e6 dxe6 19.Rad1 Kf7 20.Rd3 Re8 21.Bxc7 Qxf3
22.Rxf3+ Kg8 23.Re1 Bd7 24.Be5 Bb5 25.Rb1 Rad8 26.Rg3 g6 27.h4 Bc6 28.h5 Be4
29.Rb4 Rd1+ 30.Kh2 Re1 31.f3 Bf5 32.Rb5 Rd8 33.Bd4 b6 34.hxg6 hxg6 35.Rg5 Re2
36.Kg3 Rxa2 37.Kf4 Re2 38.g4 Bd3 39.Rbe5 Rxe5 40.Kxe5 Kf7 41.Kf4 Rd6 42.Ke3 Bc4
43.f4 a5 44.Ke4 a4 45.f5 exf5+ 46.gxf5 a3 47.fxg6+ Rxg6 48.Rf5+ Ke6 49.Bxb6 Rg4+
50.Rf4 Rxf4+